[Event "17th EUR-ch"]
[Site "Gjakova KOS"]
[Date "2016.05.14"]
[Round "3.13"]
[White "Kovalev, Vladislav"]
[Black "Berkes, Ferenc"]
[Result "1/2-1/2"]
[WhiteElo "2562"]
[BlackElo "2636"]
[EventDate "2016.05.12"]
[PlyCount "94"]

1.e4 c6 2.d4 d5 3.Nd2 dxe4 4.Nxe4 Bf5 5.Ng3 Bg6 6.h4 h6 7.Nf3 e6 8.Ne5 Bh7
9.Bd3 Bxd3 10.Qxd3 Nd7 11.f4 Be7 12.Bd2 Nxe5 13.fxe5 Bxh4 14.O-O-O Bxg3 
15.Qxg3 Ne7 16.Qxg7 Rg8 17.Qh7 Rxg2 18.Rhf1 Nf5 19.Bxh6 Ke7 20.Bd2 Qg8 21.
Qh3 Qg3 22.Rf3 Qxh3 23.Rxh3 a5 24.Ra3 b6 25.Rd3 Rd8 26.c3 c5 27.Be1 c4 28.
Rh3 Rdg8 29.d5 exd5 30.Rxd5 Re2 31.Rd1 a4 32.Rf3 Ke6 33.Bf2 Rg2 34.Rf1 b5 
35.a3 Kxe5 36.Ba7 Rc2+ 37.Kd1 Rcd2+ 38.Kc1 Rc2+ 39.Kb1 Rxb2+ 40.Ka1 Ra2+ 
41.Kb1 Rgb2+ 42.Kc1 Rc2+ 43.Kb1 Nd6 44.Bb8 Rcb2+ 45.Kc1 Rd2 46.Rf6 Rac2+ 
47.Kb1 Rb2+ 1/2-1/2

[Event "17th EUR-ch"]
[Site "Gjakova KOS"]
[Date "2016.05.14"]
[Round "3.14"]
[White "Hovhannisyan, Robert"]
[Black "Petrosian, Manuel"]
[Result "1/2-1/2"]
[WhiteElo "2632"]
[BlackElo "2480"]
[EventDate "2016.05.12"]
[PlyCount "119"]

1.e4 c5 2.Nf3 e6 3.d4 cxd4 4.Nxd4 a6 5.Nc3 Qc7 6.Bd3 Nf6 7.Qe2 d6 8.f4 g6 
9.e5 Nfd7 10.Ne4 dxe5 11.fxe5 Qxe5 12.c3 f5 13.Nf3 Qc7 14.Neg5 Nc5 15.Bc2 
Bg7 16.Be3 O-O 17.Bxc5 Qxc5 18.Bb3 Nc6 19.Bxe6+ Kh8 20.Nf7+ Kg8 21.Nd6+ 
Bxe6 22.Qxe6+ Kh8 23.O-O-O Nd8 24.Qb3 Rf6 25.Rhe1 Bh6+ 26.Kc2 Rxd6 27.Re8+
Kg7 28.Qg8+ Kf6 29.Qh8+ Bg7 30.Rf8+ Nf7 31.Rxd6+ Qxd6 32.Rxf7+ Kxf7 33.
Qxa8 Qd5 34.Qc8 h6 35.Qc7+ Kg8 36.a4 g5 37.Nd2 Kh7 38.g3 Kg6 39.Qc8 Bf6 
40.Nc4 Qe4+ 41.Kb3 b5 42.Nb6 bxa4+ 43.Nxa4 Qd5+ 44.c4 Qd1+ 45.Ka3 Qa1+ 46.
Kb4 Bxb2 47.Qe8+ Kg7 48.c5 Bf6 49.Qd7+ Kg6 50.Ka5 Qf1 51.Qe8+ Kg7 52.Kb6 
f4 53.gxf4 gxf4 54.Qd7+ Kg6 55.Ka7 Qc4 56.Qg4+ Kf7 57.Qd7+ Kg6 58.Qg4+ Kf7
59.Qh5+ Kg7 60.Qg4+ 1/2-1/2

[Event "17th EUR-ch"]
[Site "Gjakova KOS"]
[Date "2016.05.14"]
[Round "3.15"]
[White "Sturua, Zurab"]
[Black "Onischuk, Vladimir"]
[Result "1-0"]
[WhiteElo "2548"]
[BlackElo "2628"]
[EventDate "2016.05.12"]
[PlyCount "68"]

1.d4 d6 2.Nf3 g6 3.c4 Bg7 4.Nc3 Nf6 5.g3 O-O 6.Bg2 Nc6 7.h3 h6 8.e4 e5 9.
Be3 Nd7 10.Rc1 Na5 11.b3 c5 12.d5 a6 13.O-O Rb8 14.a4 Qe8 15.Nh4 Nf6 16.
Re1 Bd7 17.Bf1 Nh5 18.Be2 Bxh3 19.Kh2 Qd7 20.g4 Nxb3 21.gxh5 Nxc1 22.Bxc1 
g5 23.Rg1 Qc8 24.Bg4 Bxg4 25.Rxg4 f5 26.Nxf5 Rxf5 27.exf5 Qxf5 28.Kg2 Rf8 
29.Ne4 Qd7 30.Rg3 Kh8 31.a5 Rd8 32.Bd2 Qe8 33.Qg4 Qd7 34.Qe6 Qe8 1-0

[Event "17th EUR-ch"]
[Site "Gjakova KOS"]
[Date "2016.05.14"]
[Round "3.16"]
[White "Navara, David"]
[Black "Kunin, Vitaly"]
[Result "1-0"]
[WhiteElo "2735"]
[BlackElo "2595"]
[EventDate "2016.05.12"]
[PlyCount "89"]

1.d4 e6 2.e4 d5 3.Nc3 dxe4 4.Nxe4 Bd7 5.Nf3 Bc6 6.Bd3 Nd7 7.O-O Ngf6 8.Ng3
g6 9.b3 Bg7 10.Ba3 Bf8 11.Bb2 Bg7 12.c4 O-O 13.Qe2 Bxf3 14.Qxf3 c6 15.Rfe1
Qa5 16.a3 Rfd8 17.Rad1 Rac8 18.b4 Qc7 19.Bc1 e5 20.Bg5 Re8 21.d5 cxd5 22.
cxd5 Qd6 23.Bb5 a6 24.Bxd7 Nxd7 25.Ne4 Qf8 26.Qh3 f5 27.d6 Qf7 28.Be7 h6 
29.Nc5 Nxc5 30.bxc5 Rxe7 31.dxe7 Qxe7 32.Rd6 Kh7 33.Qg3 Qf7 34.Qd3 Rxc5 
35.Rd7 Qf6 36.Rxb7 e4 37.Qb1 Re5 38.a4 h5 39.Rd1 Re7 40.Rxe7 Qxe7 41.Qb6 
f4 42.Qxa6 f3 43.Qb5 fxg2 44.Rd7 Qf6 45.Qb7 1-0

[Event "17th EUR-ch"]
[Site "Gjakova KOS"]
[Date "2016.05.14"]
[Round "3.17"]
[White "Vitiugov, Nikita"]
[Black "Hracek, Zbynek"]
[Result "1-0"]
[WhiteElo "2721"]
[BlackElo "2598"]
[EventDate "2016.05.12"]
[PlyCount "89"]

1.d4 Nf6 2.c4 e6 3.g3 c5 4.d5 exd5 5.cxd5 d6 6.Nc3 g6 7.Bg2 Bg7 8.Nf3 O-O 
9.O-O Re8 10.Bf4 Ne4 11.Nxe4 Rxe4 12.Nd2 Rxf4 13.gxf4 Bxb2 14.Rb1 Bg7 15.
e4 Bh6 16.Qf3 Qf6 17.e5 Qxf4 18.Qxf4 Bxf4 19.Nc4 dxe5 20.Nd6 Nd7 21.Nxc8 
Rxc8 22.Rxb7 Nf6 23.d6 e4 24.d7 Rd8 25.Rxa7 c4 26.Ra4 c3 27.Bxe4 Bd2 28.
Ra8 Rxa8 29.Bxa8 Nxd7 30.Be4 Nc5 31.Bc2 Kf8 32.a4 Ke7 33.a5 Kd6 34.Ra1 Na6
35.Rb1 Kc7 36.Rb6 Nc5 37.Rf6 Kb7 38.Kf1 h5 39.Ke2 h4 40.h3 Ka7 41.Rxf7+ 
Ka6 42.Rc7 Kb5 43.Bd3+ Nxd3 44.Kxd3 Kxa5 45.Rxc3 1-0

[Event "17th EUR-ch"]
[Site "Gjakova KOS"]
[Date "2016.05.14"]
[Round "3.18"]
[White "Vallejo Pons, Francisco"]
[Black "Palac, Mladen"]
[Result "1-0"]
[WhiteElo "2700"]
[BlackElo "2577"]
[EventDate "2016.05.12"]
[PlyCount "55"]

1.e4 c5 2.Nf3 d6 3.d4 cxd4 4.Nxd4 Nf6 5.Nc3 a6 6.Bg5 e6 7.f4 h6 8.Bh4 Qb6 
9.a3 Be7 10.Bf2 Qc7 11.Bd3 Nbd7 12.Qe2 b5 13.O-O-O Bb7 14.g4 g6 15.f5 e5 
16.Nb3 g5 17.h4 Rg8 18.hxg5 hxg5 19.Kb1 Nc5 20.Rh6 O-O-O 21.Nd5 Bxd5 22.
exd5 Rh8 23.Nxc5 dxc5 24.d6 Bxd6 25.Rxf6 Qe7 26.Qe4 Qxf6 27.Qc6+ Kb8 28.
Be4 1-0

[Event "17th EUR-ch"]
[Site "Gjakova KOS"]
[Date "2016.05.14"]
[Round "3.19"]
[White "Antipov, Mikhail"]
[Black "Ragger, Markus"]
[Result "1/2-1/2"]
[WhiteElo "2576"]
[BlackElo "2696"]
[EventDate "2016.05.12"]
[PlyCount "70"]

1.e4 c5 2.Nf3 d6 3.d4 cxd4 4.Nxd4 Nf6 5.Nc3 a6 6.Bg5 Nbd7 7.f4 Qc7 8.Qf3 
b5 9.O-O-O Bb7 10.Bd3 g6 11.Rhe1 Bg7 12.Nd5 Nxd5 13.exd5 Nf6 14.Nc6 Bxc6 
15.dxc6 d5 16.Bxf6 Bxf6 17.Qxd5 Qxf4+ 18.Kb1 O-O 19.Be4 Qxh2 20.Bf3 Rac8 
21.Re3 Qc7 22.Red3 Qb6 23.a3 h5 24.Qe4 Kg7 25.Rd7 Qc5 26.Rb7 Rfd8 27.Rdd7 
Rxd7 28.cxd7 Qg1+ 29.Ka2 Qc1 30.c3 Rxc3 31.bxc3 Qxc3 32.Qb1 Qd2+ 33.Kb3 
Qc3+ 34.Ka2 Qd2+ 35.Kb3 Qc3+ 1/2-1/2

[Event "17th EUR-ch"]
[Site "Gjakova KOS"]
[Date "2016.05.14"]
[Round "3.20"]
[White "Demchenko, Anton"]
[Black "Hammer, Jon Ludvig"]
[Result "1/2-1/2"]
[WhiteElo "2589"]
[BlackElo "2689"]
[EventDate "2016.05.12"]
[PlyCount "99"]

1.e4 e5 2.Nf3 Nc6 3.Bc4 Bc5 4.c3 Nf6 5.d3 O-O 6.Bg5 h6 7.Bh4 Be7 8.O-O d6 
9.a4 Nh5 10.Bg3 g6 11.Nbd2 Kh7 12.d4 Bf6 13.dxe5 Nxe5 14.Nxe5 dxe5 15.Nf3 
Qe7 16.Qe2 Bd7 17.Rfd1 Rad8 18.Rd2 Kg7 19.Bb3 Nxg3 20.hxg3 Bg4 21.Rad1 c6 
22.Bc4 a5 23.Rxd8 Rxd8 24.Rxd8 Qxd8 25.b4 h5 26.Qc2 h4 27.gxh4 axb4 28.
cxb4 Bxf3 29.gxf3 Bxh4 30.b5 Qd4 31.bxc6 bxc6 32.Ba6 Be7 33.Bb7 Qb4 34.
Bxc6 Qc5 35.Qxc5 Bxc5 36.a5 f5 37.Kf1 f4 38.Ke2 Kf8 39.Kd3 Ke7 40.Ke2 Kd6 
41.Be8 g5 42.Kf1 Kc7 43.Bb5 Bb4 44.a6 Kb6 45.Be2 Bc5 46.Kg2 Ka7 47.Kh3 
Bxf2 48.Kg4 Bd4 49.Kxg5 Ba1 50.Kf5 1/2-1/2

[Event "17th EUR-ch"]
[Site "Gjakova KOS"]
[Date "2016.05.14"]
[Round "3.22"]
[White "Naer, Evgeny"]
[Black "Prohaszka, Peter"]
[Result "1/2-1/2"]
[WhiteElo "2681"]
[BlackElo "2593"]
[EventDate "2016.05.12"]
[PlyCount "49"]

1.e4 e5 2.Nf3 Nc6 3.Bb5 Nf6 4.d3 Bc5 5.c3 O-O 6.O-O d6 7.Nbd2 Ne7 8.d4 
exd4 9.cxd4 Bb6 10.Re1 c6 11.Bd3 Ng6 12.Nc4 d5 13.Nxb6 axb6 14.e5 Ne4 15.
Bxe4 dxe4 16.Ng5 Bf5 17.Nxh7 Kxh7 18.Qh5+ Kg8 19.Qxf5 Qxd4 20.e6 Rae8 21.
Be3 Qd6 22.Qxe4 Rxe6 23.Qc2 Rfe8 24.Red1 Qe7 25.Rd4 1/2-1/2

[Event "17th EUR-ch"]
[Site "Gjakova KOS"]
[Date "2016.05.14"]
[Round "3.23"]
[White "Vocaturo, Daniele"]
[Black "Piorun, Kacper"]
[Result "1-0"]
[WhiteElo "2574"]
[BlackElo "2681"]
[EventDate "2016.05.12"]
[PlyCount "131"]

1.d4 Nf6 2.c4 g6 3.f3 d5 4.cxd5 Nxd5 5.e4 Nb6 6.Nc3 Bg7 7.Be3 O-O 8.Qd2 
Nc6 9.O-O-O Qd6 10.Kb1 Rd8 11.Nb5 Qd7 12.d5 a6 13.Nc3 Qe8 14.Qc1 Na5 15.h4
e6 16.Bg5 f6 17.Bd2 Nac4 18.Bf4 Qf7 19.Bd3 exd5 20.exd5 Nd6 21.Nge2 Nxd5 
22.Nxd5 Qxd5 23.Bxg6 Qa5 24.Bd2 Qe5 25.Bd3 Bf5 26.Bxf5 Nxf5 27.Rhe1 Qb5 
28.Nf4 Re8 29.Qxc7 Nxh4 30.Qc2 Qf5 31.Qxf5 Nxf5 32.Bc3 Rxe1 33.Rxe1 Kf7 
34.Rh1 h6 35.g4 Nd6 36.Rd1 Bf8 37.Nh5 f5 38.gxf5 Nxf5 39.Rd7+ Ke6 40.Rxb7 
Bd6 41.Kc2 Nh4 42.Rh7 Nxf3 43.Rxh6+ Kd7 44.Nf6+ Kc7 45.Ne4 Be5 46.Ba5+ Kd7
47.Nc5+ Ke7 48.Re6+ Kf7 49.Rxa6 Rc8 50.b4 Nd4+ 51.Kd3 Nc6 52.Kc4 Bg3 53.
Bb6 Rh8 54.a3 Rh4+ 55.Kb5 Nd4+ 56.Ka4 Nc2 57.Ra7+ Kg6 58.Rd7 Ne3 59.Rd3 
Nf5 60.Nb3 Be5 61.Bc5 Rh8 62.Na5 Kf6 63.Nc6 Ra8+ 64.Kb3 Bc7 65.b5 Rc8 66.
a4 1-0

[Event "17th EUR-ch"]
[Site "Gjakova KOS"]
[Date "2016.05.14"]
[Round "3.24"]
[White "Korobov, Anton"]
[Black "Steingrimsson, Hedinn"]
[Result "1-0"]
[WhiteElo "2674"]
[BlackElo "2574"]
[EventDate "2016.05.12"]
[PlyCount "71"]

1.d4 Nf6 2.c4 e6 3.Nf3 d5 4.Nc3 Be7 5.Bf4 O-O 6.e3 Nbd7 7.c5 c6 8.Bd3 b6 
9.b4 a5 10.a3 Bb7 11.O-O Qc8 12.Re1 Ba6 13.Bc2 Bc4 14.Nd2 axb4 15.axb4 
Rxa1 16.Qxa1 Nh5 17.Nxc4 dxc4 18.Be5 bxc5 19.bxc5 Bxc5 20.g4 Bb4 21.gxh5 
Nxe5 22.dxe5 Qa8 23.Ne4 Bxe1 24.Qxe1 Qa3 25.h6 Ra8 26.Qe2 Qa1+ 27.Kg2 Qxe5
28.Qxc4 Qd5 29.Qc3 e5 30.Kg3 c5 31.Ng5 gxh6 32.Bxh7+ Kg7 33.Be4 Qd8 34.
Qxe5+ f6 35.Ne6+ Kh8 36.Nxd8 1-0

[Event "17th EUR-ch"]
[Site "Gjakova KOS"]
[Date "2016.05.14"]
[Round "3.25"]
[White "Sanikidze, Tornike"]
[Black "Howell, David"]
[Result "1-0"]
[WhiteElo "2537"]
[BlackElo "2671"]
[EventDate "2016.05.12"]
[PlyCount "64"]

1.d4 Nf6 2.c4 e6 3.Nf3 b6 4.a3 Bb7 5.Nc3 g6 6.Qc2 Bg7 7.e4 O-O 8.Bd3 d6 9.
O-O Nbd7 10.Re1 a6 11.d5 Re8 12.Rb1 Rc8 13.Bf4 exd5 14.cxd5 Nc5 15.Bc4 h6 
16.b4 Ncd7 17.Bd2 b5 18.Bb3 Nb6 19.a4 bxa4 20.Nxa4 c6 21.Nxb6 Qxb6 22.Be3 
Qc7 23.e5 dxe5 24.d6 Qd7 25.Qxg6 Nd5 26.Qg3 Qxd6 27.Nh4 Qf6 28.Bc2 e4 29.
Rbd1 Nxe3 30.Rxe3 c5 31.bxc5 Rxc5 32.Bb3 Qg5 1-0

[Event "17th EUR-ch"]
[Site "Gjakova KOS"]
[Date "2016.05.14"]
[Round "3.26"]
[White "Nisipeanu, Liviu-Dieter"]
[Black "Oparin, Grigoriy"]
[Result "1/2-1/2"]
[WhiteElo "2669"]
[BlackElo "2575"]
[EventDate "2016.05.12"]
[PlyCount "48"]

1.Nf3 Nf6 2.d4 e6 3.c4 b6 4.e3 Bb7 5.Bd3 d5 6.O-O Bd6 7.Nc3 O-O 8.cxd5 
exd5 9.b3 a6 10.Bb2 Nbd7 11.Ne2 Qe7 12.Ng3 g6 13.Rc1 Ne4 14.Rc2 f5 15.Ne2 
g5 16.Qa1 Rae8 17.b4 c6 18.a3 Rf6 19.Ne5 Nxe5 20.dxe5 Bxe5 21.Bxe4 fxe4 
22.Bxe5 Qxe5 23.Qxe5 Rxe5 24.a4 Kf7 1/2-1/2

[Event "17th EUR-ch"]
[Site "Gjakova KOS"]
[Date "2016.05.14"]
[Round "3.27"]
[White "Areschenko, Alexander"]
[Black "Donchenko, Alexander"]
[Result "1/2-1/2"]
[WhiteElo "2667"]
[BlackElo "2569"]
[EventDate "2016.05.12"]
[PlyCount "39"]

1.e4 c5 2.Nf3 d6 3.d4 cxd4 4.Nxd4 Nf6 5.Nc3 a6 6.h3 e5 7.Nde2 b5 8.g4 b4 
9.Nd5 Nxd5 10.Qxd5 Ra7 11.Be3 Be6 12.Qd3 Rb7 13.Bg2 Be7 14.b3 g6 15.a3 
bxa3 16.Nc3 h5 17.gxh5 Rxh5 18.Nd5 Bg5 19.Rxa3 Kf8 20.Bxg5 1/2-1/2

[Event "17th EUR-ch"]
[Site "Gjakova KOS"]
[Date "2016.05.14"]
[Round "3.29"]
[White "Jones, Gawain"]
[Black "Dvirnyy, Danyyil"]
[Result "1/2-1/2"]
[WhiteElo "2657"]
[BlackElo "2552"]
[EventDate "2016.05.12"]
[PlyCount "155"]

1.c4 c6 2.d4 d5 3.Nc3 Nf6 4.e3 Bf5 5.cxd5 cxd5 6.Qb3 Nc6 7.Qxb7 Bd7 8.Qb3 
Rb8 9.Qd1 e5 10.Nf3 Bd6 11.dxe5 Nxe5 12.Be2 O-O 13.O-O Nxf3+ 14.Bxf3 Qc7 
15.g3 Rfd8 16.Nxd5 Nxd5 17.Bxd5 Bb5 18.Re1 Bb4 19.e4 Bxe1 20.Qxe1 Qd7 21.
Bg5 Re8 22.Qc3 Rbc8 23.Qd4 Be2 24.Bd2 Kh8 25.Bc3 f6 26.Re1 Bg4 27.a3 Rcd8 
28.Ba5 Rc8 29.Bc3 Rcd8 30.Qe3 Be6 31.Bxe6 Rxe6 32.f4 Rd6 33.e5 fxe5 34.
fxe5 Rd3 35.Qe2 Qe6 36.Ba5 R8d4 37.Rf1 h6 38.Bc3 Rd8 39.Ba5 R8d4 40.Rf8+ 
Kh7 41.Bc3 Rd8 42.Qe4+ Qg6 43.Rf4 Re8 44.Kf2 Qxe4 45.Rxe4 Re6 46.Rc4 Rd7 
47.Ke3 Kg6 48.Rf4 Rf7 49.Ke4 Rxf4+ 50.gxf4 Kf7 51.f5 Rb6 52.Bd4 Rb3 53.e6+
Kf8 54.Bxa7 Rxb2 55.Bc5+ Ke8 56.Bd4 Rg2 57.h4 Rg4+ 58.Ke3 Ke7 59.h5 Kd6 
60.a4 Kd5 61.Bxg7 Rxa4 62.Kd3 Ra3+ 63.Bc3 Ra7 64.Ke3 Ra3 65.Kd2 Ra2+ 66.
Kd3 Ra7 67.Bb2 Rb7 68.Bf6 Rb3+ 69.Kc2 Rb8 70.Bg7 Rb7 71.Bxh6 Ke5 72.Bf8 
Kxf5 73.e7 Rb8 74.Kd3 Re8 75.Kd4 Kg5 76.h6 Rxe7 77.Bxe7+ Kxh6 78.Ke4 
1/2-1/2

[Event "17th EUR-ch"]
[Site "Gjakova KOS"]
[Date "2016.05.14"]
[Round "3.30"]
[White "Bartel, Mateusz"]
[Black "Can, Emre"]
[Result "1/2-1/2"]
[WhiteElo "2653"]
[BlackElo "2557"]
[EventDate "2016.05.12"]
[PlyCount "114"]

1.e4 d6 2.d4 Nf6 3.Nc3 e5 4.Nf3 Nbd7 5.Bc4 Be7 6.a4 O-O 7.O-O c6 8.Re1 a5 
9.Ba2 exd4 10.Nxd4 Nc5 11.Bg5 Qb6 12.Qd2 Bd7 13.f3 Rad8 14.Be3 Rfe8 15.Qf2
Qxb2 16.Nce2 Qb6 17.Nb3 Be6 18.Nxc5 dxc5 19.Bxe6 fxe6 20.Nf4 Bf8 21.Nd3 
Nd7 22.Rad1 Qa7 23.Bg5 Ra8 24.Nb2 b5 25.c4 Rab8 26.Be3 bxa4 27.Nxa4 Rb4 
28.Nb2 Ne5 29.Bf4 Nxc4 30.Nd3 Rb5 31.Rc1 Nb6 32.Nxc5 Nd5 33.Nxe6 Qxf2+ 34.
Kxf2 Rb2+ 35.Kg3 Rxe6 36.exd5 Rxe1 37.Rxe1 cxd5 38.Re8 Kf7 39.Ra8 Bb4 40.
Be5 Be1+ 41.Kh3 Rb7 42.Ra6 Rd7 43.Bd4 Rc7 44.f4 Bc3 45.Bxc3 Rxc3+ 46.Kg4 
Ra3 47.Rd6 Ra2 48.Kf3 Rd2 49.Ra6 Rd3+ 50.Ke2 Ra3 51.Rd6 a4 52.Rxd5 Rb3 53.
Ra5 a3 54.h4 Ke6 55.g4 Rh3 56.Kf2 Rxh4 57.Kg3 Rh1 1/2-1/2

[Event "17th EUR-ch"]
[Site "Gjakova KOS"]
[Date "2016.05.14"]
[Round "3.31"]
[White "Grandelius, Nils"]
[Black "Stupak, Kirill"]
[Result "1-0"]
[WhiteElo "2649"]
[BlackElo "2535"]
[EventDate "2016.05.12"]
[PlyCount "81"]

1.e4 e6 2.d4 d5 3.Nc3 Nc6 4.Nf3 Nf6 5.e5 Ne4 6.Ne2 f6 7.Ng3 fxe5 8.Bb5 
exd4 9.Nxe4 dxe4 10.Nxd4 Qd5 11.c4 Bb4+ 12.Bd2 Qxd4 13.Bxb4 Qxb2 14.Rb1 
Qf6 15.Bxc6+ bxc6 16.Qh5+ g6 17.Qa5 c5 18.Qxc5 Bd7 19.O-O Rc8 20.Rbd1 Ba4 
21.Rd2 e5 22.Qxa7 Bc6 23.Rfd1 Qe6 24.h3 Kf7 25.a4 Qxc4 26.Ba3 Qxa4 27.Qc5 
Rhe8 28.Rc1 Re6 29.Qe3 Bb5 30.Rdc2 c6 31.Bb2 Qb4 32.Ra1 Kg8 33.Ra7 Qf8 34.
Qxe4 Qf5 35.Qxf5 gxf5 36.Rd2 c5 37.Rd5 Bc4 38.Rdd7 Ra6 39.Rab7 Re8 40.Bxe5
Rg6 41.f4 1-0

[Event "17th EUR-ch"]
[Site "Gjakova KOS"]
[Date "2016.05.14"]
[Round "3.32"]
[White "Zhigalko, Sergei"]
[Black "Boruchovsky, Avital"]
[Result "1-0"]
[WhiteElo "2647"]
[BlackElo "2542"]
[EventDate "2016.05.12"]
[PlyCount "35"]

1.e4 c6 2.d4 d5 3.e5 c5 4.dxc5 e6 5.Qg4 h5 6.Qf4 Ne7 7.Bd3 Nd7 8.Be3 Qa5+ 
9.Nc3 Nxc5 10.Bxc5 Qxc5 11.Nf3 g6 12.Qf6 Rg8 13.Ng5 Rg7 14.O-O-O Qb6 15.
Bb5+ Nc6 16.Rxd5 Bd7 17.Rd3 a6 18.Rhd1 1-0

[Event "17th EUR-ch"]
[Site "Gjakova KOS"]
[Date "2016.05.14"]
[Round "3.33"]
[White "Blomqvist, Erik"]
[Black "Kobalia, Mikhail"]
[Result "0-1"]
[WhiteElo "2526"]
[BlackElo "2646"]
[EventDate "2016.05.12"]
[PlyCount "79"]

1.Nf3 d5 2.g3 Bg4 3.Bg2 c6 4.O-O Nf6 5.h3 Bh5 6.d4 e6 7.c4 Nbd7 8.cxd5 
cxd5 9.Qb3 Qb6 10.Nc3 Be7 11.Qxb6 Nxb6 12.Ne5 Bg6 13.Bf4 O-O 14.Rfc1 a6 
15.g4 Rac8 16.h4 h5 17.g5 Ne4 18.Nxg6 fxg6 19.Nxe4 Rxf4 20.Rxc8+ Nxc8 21.
Rc1 Na7 22.Rc7 Nc6 23.e3 Rxh4 24.Nd2 Rg4 25.f4 e5 26.fxe5 Bxg5 27.Nf1 Ne7 
28.Kf2 Bh4+ 29.Kf3 Nf5 30.Rxb7 Bg5 31.Bh3 Re4 32.b4 Nxe3 33.Be6+ Kh7 34.
Bxd5 Rxd4 35.Nxe3 Rd3 36.e6 Rxe3+ 37.Kf2 h4 38.Rf7 Re5 39.Bb3 Bf6 40.Kg2 
0-1

[Event "17th EUR-ch"]
[Site "Gjakova KOS"]
[Date "2016.05.14"]
[Round "3.34"]
[White "Melkumian, Hrant"]
[Black "Svane, Rasmus"]
[Result "0-1"]
[WhiteElo "2646"]
[BlackElo "2526"]
[EventDate "2016.05.12"]
[PlyCount "96"]

1.d4 Nf6 2.c4 e6 3.Nc3 Bb4 4.Nf3 b6 5.Bd2 O-O 6.g3 Ba6 7.b3 d5 8.cxd5 exd5
9.e3 Bxf1 10.Kxf1 Nbd7 11.Kg2 c6 12.Rc1 Rc8 13.Qc2 Qe7 14.Qd3 Rfd8 15.Rc2 
Nf8 16.Ne2 Bd6 17.Rhc1 Ba3 18.Rb1 Bd6 19.b4 Ne4 20.Be1 Ne6 21.a3 h6 22.
Rbc1 Qb7 23.Qb3 Rc7 24.Ne5 Bxe5 25.dxe5 c5 26.f3 N4g5 27.Ng1 c4 28.Qb1 d4 
29.h4 d3 30.Rf2 Nh7 31.Bc3 Nhf8 32.Nh3 b5 33.Rh1 Nd7 34.Nf4 Qc6 35.e4 Nb6 
36.Qc1 Rcd7 37.Qd2 Na4 38.Rc1 Nd4 39.Bxd4 Rxd4 40.Nd5 R8xd5 41.exd5 Qxd5 
42.Rff1 c3 43.Rxc3 Nxc3 44.Qxc3 Rc4 45.Qe1 Rc2+ 46.Rf2 Qa2 47.e6 fxe6 48.
Rxc2 Qxc2+ 0-1

[Event "17th EUR-ch"]
[Site "Gjakova KOS"]
[Date "2016.05.14"]
[Round "3.35"]
[White "Kovalenko, Igor"]
[Black "Stocek, Jiri"]
[Result "1/2-1/2"]
[WhiteElo "2644"]
[BlackElo "2531"]
[EventDate "2016.05.12"]
[PlyCount "136"]

1.d4 e6 2.Nf3 c5 3.e4 cxd4 4.Nxd4 Nf6 5.Nc3 d6 6.g4 h6 7.h3 a6 8.Bg2 Nc6 
9.Be3 Ne5 10.Qe2 g5 11.O-O-O Bd7 12.Nf3 Rc8 13.Nxe5 dxe5 14.Rd3 Bb4 15.h4 
gxh4 16.g5 hxg5 17.Bxg5 Rg8 18.f4 Rxc3 19.bxc3 Ba3+ 20.Kd2 Be7 21.Bxh4 
exf4 22.e5 Ng4 23.Bxe7 Qxe7 24.Bxb7 Bb5 25.Qxg4 Rxg4 26.Rh8+ Qf8 27.Rxf8+ 
Kxf8 28.Rd4 Rg5 29.c4 Be8 30.Rxf4 Rxe5 31.Bxa6 Ra5 32.Bb5 Rxa2 33.Kc3 Ke7 
34.Rf2 Ra8 35.Kd4 f6 36.Kc5 e5 37.Kb6 Bf7 38.c5 Rb8+ 39.Ka6 Ra8+ 40.Kb6 
Rb8+ 41.Ka5 Be6 42.c6 f5 43.Kb4 e4 44.Kc5 Rf8 45.Re2 Rh8 46.c7 Rh3 47.c4 
Bc8 48.Rd2 Rh8 49.Rd5 Rf8 50.Bc6 Rf6 51.Rd8 Rf8 52.Rxf8 Kxf8 53.Kb6 Ke7 
54.c5 e3 55.Bf3 Kf6 56.Ka7 Ke5 57.Kb8 Be6 58.Bh5 f4 59.c6 Kd6 60.Bf7 Bf5 
61.Be8 e2 62.Bd7 e1=Q 63.c8=Q Qb4+ 64.Qb7 Qxb7+ 65.cxb7 Be4 66.Bg4 f3 67.
Bxf3 Bxf3 68.Ka7 Bxb7 1/2-1/2

[Event "17th EUR-ch"]
[Site "Gjakova KOS"]
[Date "2016.05.14"]
[Round "3.36"]
[White "Haznedaroglu, Kivanc"]
[Black "Volokytin, Andriy"]
[Result "1/2-1/2"]
[WhiteElo "2494"]
[BlackElo "2642"]
[EventDate "2016.05.12"]
[PlyCount "65"]

1.d4 Nf6 2.c4 e6 3.Nf3 Bb4+ 4.Nbd2 O-O 5.a3 Be7 6.g3 b6 7.Bg2 Bb7 8.O-O c5
9.b3 Nc6 10.Bb2 Nxd4 11.Nxd4 Bxg2 12.Nxe6 fxe6 13.Kxg2 d5 14.Nf3 Qd6 15.
Qd3 d4 16.Rad1 Qc6 17.Kg1 Bd6 18.Nd2 e5 19.f3 a6 20.Ne4 Nxe4 21.fxe4 Be7 
22.Bc1 h6 23.Rxf8+ Rxf8 24.Rf1 Rxf1+ 25.Kxf1 b5 26.Kg2 Bg5 27.Bxg5 hxg5 
28.Qf3 bxc4 29.bxc4 Qe6 30.Qh5 Qxc4 31.Qe8+ Kh7 32.Qh5+ Kg8 33.Qe8+ 
1/2-1/2

[Event "17th EUR-ch"]
[Site "Gjakova KOS"]
[Date "2016.05.14"]
[Round "3.37"]
[White "Kravtsiv, Martyn"]
[Black "Neverov, Valeriy"]
[Result "1-0"]
[WhiteElo "2641"]
[BlackElo "2498"]
[EventDate "2016.05.12"]
[PlyCount "93"]

1.e4 c5 2.Nf3 d6 3.d4 cxd4 4.Nxd4 Nf6 5.Nc3 a6 6.Be2 e5 7.Nb3 Be7 8.Bg5 
Be6 9.Bxf6 Bxf6 10.Qd3 Nc6 11.O-O-O Nd4 12.Nxd4 exd4 13.Nd5 Bxd5 14.exd5 
O-O 15.Qf3 Re8 16.Kb1 Re5 17.g4 g6 18.a3 Bg7 19.h4 Qf6 20.Qxf6 Bxf6 21.Bd3
Rxd5 22.f4 Rc5 23.Rde1 Kf8 24.Ref1 Bg7 25.f5 gxf5 26.Bxf5 Kg8 27.Bd3 Re8 
28.Ka2 Re6 29.Rf4 Be5 30.Rf5 Bg7 31.Rhf1 Rxf5 32.Rxf5 Rf6 33.Kb3 Rxf5 34.
Bxf5 b6 35.Bd3 Bf6 36.g5 Be5 37.Bxa6 Bg3 38.h5 Bf4 39.Bd3 Bxg5 40.Kc4 Kg7 
41.a4 Kh6 42.Kb5 Bd8 43.b4 Kxh5 44.Kc6 d5 45.Bxh7 Kg4 46.Bd3 f5 47.b5 1-0

[Event "17th EUR-ch"]
[Site "Gjakova KOS"]
[Date "2016.05.14"]
[Round "3.38"]
[White "Georgiev, Kiril"]
[Black "Andersen, Mads"]
[Result "0-1"]
[WhiteElo "2640"]
[BlackElo "2505"]
[EventDate "2016.05.12"]
[PlyCount "82"]

1.d4 d5 2.Bf4 Nf6 3.e3 c5 4.c3 Nc6 5.Nd2 Bg4 6.Ngf3 e6 7.Qb3 Qc8 8.Ne5 
Nxe5 9.dxe5 c4 10.Qc2 Bf5 11.Qd1 Ne4 12.Nf3 Nc5 13.Nd4 Bd3 14.Be2 Bxe2 15.
Qxe2 Nd3+ 16.Kf1 Be7 17.h4 O-O 18.Bg3 Kh8 19.Kg1 b5 20.e4 Qb7 21.exd5 Qxd5
22.Rh3 b4 23.Nf3 bxc3 24.bxc3 Rab8 25.Rd1 Rfd8 26.Rd2 Rb1+ 27.Kh2 Rdb8 28.
Ng5 Kg8 29.Qh5 Bxg5 30.hxg5 Qe4 31.Re2 Qf5 32.Rh4 Rc1 33.Rxc4 h6 34.Qg4 
hxg5 35.Qh5 Qh7 36.Qxh7+ Kxh7 37.Kh3 Kg6 38.Kg4 Rb5 39.f3 a5 40.Bh2 Rh1 
41.Bg3 Nxe5+ 0-1

[Event "17th EUR-ch"]
[Site "Gjakova KOS"]
[Date "2016.05.14"]
[Round "3.39"]
[White "Beliavsky, Alexander"]
[Black "Petrov, Nikita"]
[Result "1/2-1/2"]
[WhiteElo "2624"]
[BlackElo "2475"]
[EventDate "2016.05.12"]
[PlyCount "77"]

1.d4 Nf6 2.c4 c6 3.Nc3 d5 4.e3 a6 5.Qc2 e6 6.Nf3 c5 7.cxd5 exd5 8.Be2 Nc6 
9.O-O cxd4 10.Nxd4 Bd6 11.Nxc6 bxc6 12.e4 O-O 13.Bg5 h6 14.Bh4 g5 15.Bg3 
Bxg3 16.hxg3 dxe4 17.Nxe4 Bf5 18.Bd3 Bxe4 19.Bxe4 Nxe4 20.Qxe4 Qd5 21.Qc2 
Rad8 22.b3 Rfe8 23.Rac1 Re6 24.Rfd1 Qa5 25.Kh2 Rd5 26.Rxd5 cxd5 27.Qd3 Qd8
28.Qd4 Re4 29.Qa7 Qf6 30.Rc2 Qg6 31.Rc1 Qf6 32.Qa8+ Kg7 33.Qxd5 Re2 34.Rc8
Rxa2 35.Rc6 Qxf2 36.Qe5+ Kh7 37.Qe4+ Kg7 38.Qe5+ Kh7 39.Qe4+ 1/2-1/2

[Event "17th EUR-ch"]
[Site "Gjakova KOS"]
[Date "2016.05.14"]
[Round "3.40"]
[White "Studer, Noel"]
[Black "Oleksiyenko, Mykhaylo"]
[Result "0-1"]
[WhiteElo "2463"]
[BlackElo "2622"]
[EventDate "2016.05.12"]
[PlyCount "116"]

1.d4 Nf6 2.c4 g6 3.g3 Bg7 4.Bg2 O-O 5.Nf3 d6 6.O-O a6 7.Nc3 Nc6 8.Qd3 e5 
9.d5 Nb4 10.Qd1 a5 11.a3 Na6 12.b4 Bf5 13.Nh4 Bd7 14.Rb1 Nh5 15.Nf3 f5 16.
Qc2 e4 17.Nd2 Qf6 18.Nd1 Qe7 19.Bb2 Nf6 20.Bd4 axb4 21.axb4 Ng4 22.Bxg7 
Qxg7 23.f3 Nxh2 24.Kxh2 e3 25.f4 exd2 26.Qxd2 b5 27.cxb5 Bxb5 28.Re1 Nb8 
29.Nc3 Be8 30.Ra1 Rxa1 31.Rxa1 Nd7 32.Bf3 Nf6 33.Kg2 h6 34.Qd4 g5 35.e3 g4
36.Be2 h5 37.Bd3 Bg6 38.Nb5 h4 39.gxh4 Qe7 40.Na7 Nh5 41.Rh1 Ra8 42.Nc6 
Ra2+ 43.Kg1 Qg7 44.Rh2 Ra1+ 45.Kg2 Ra3 46.Bc2 Qxd4 47.Nxd4 Rxe3 48.Kf1 Rc3
49.Rd2 Kf7 50.Ke1 Kf6 51.Ne6 Rc4 52.Re2 Rxb4 53.Nf8 Nxf4 54.Rf2 Kf7 55.
Nxg6 Kxg6 56.Kd2 Kh5 57.Bxf5 g3 58.Rf3 Kxh4 0-1

[Event "17th EUR-ch"]
[Site "Gjakova KOS"]
[Date "2016.05.14"]
[Round "3.41"]
[White "Nabaty, Tamir"]
[Black "Valsecchi, Alessio"]
[Result "1/2-1/2"]
[WhiteElo "2619"]
[BlackElo "2494"]
[EventDate "2016.05.12"]
[PlyCount "177"]

1.d4 Nf6 2.c4 g6 3.Nf3 Bg7 4.g3 d5 5.cxd5 Nxd5 6.Bg2 Nb6 7.Nc3 Nc6 8.e3 
O-O 9.O-O e5 10.d5 Na5 11.e4 c6 12.Bg5 f6 13.Be3 cxd5 14.Bxb6 Qxb6 15.Nxd5
Qd8 16.Qa4 Rf7 17.Rfd1 Bd7 18.Qa3 Bf8 19.b4 Nc4 20.Qb3 Nd6 21.Ne1 Be6 22.
a4 a5 23.Nd3 axb4 24.Nc5 Bg4 25.Bf3 Bc8 26.Qxb4 Qa5 27.Qxa5 Rxa5 28.Nb3 
Ra6 29.a5 Rc6 30.Rdc1 Rxc1+ 31.Rxc1 Be6 32.Rd1 Nb5 33.Kf1 Kg7 34.Be2 Nc7 
35.Bc4 Nxd5 36.Bxd5 Bxd5 37.Rxd5 Rc7 38.Rb5 Kf7 39.Ke2 Be7 40.Kd3 Ke8 41.
g4 Rd7+ 42.Ke2 Rc7 43.h3 Bd6 44.Kd3 Ke7 45.f3 Kd7 46.Rb6 Ke7 47.Kd2 Ba3 
48.Kd3 Bd6 49.Rb5 Kd7 50.Rd5 Ke7 51.Nd2 Rc5 52.Rxc5 Bxc5 53.Kc4 Be3 54.Nb3
Kd6 55.Kb5 h5 56.Na1 Bg1 57.Nc2 hxg4 58.hxg4 Ke6 59.Nb4 Kd6 60.Nd3 Be3 61.
Nb2 Bd4 62.Nc4+ Kc7 63.Na3 Kd6 64.Nc2 Bg1 65.Nb4 Ke6 66.Nd5 Bd4 67.Kc4 Bg1
68.Kd3 Bf2 69.Kc4 Bg1 70.Kb4 Bf2 71.Kb5 Bd4 72.a6 bxa6+ 73.Kxa6 Bf2 74.Kb7
Be1 75.Kc6 Ba5 76.Nc7+ Ke7 77.Nd5+ Ke6 78.Nc7+ Ke7 79.Na6 f5 80.Nc5 fxg4 
81.fxg4 Kf6 82.Nd7+ Kg5 83.Nxe5 Bc3 84.Kd5 Kf4 85.Nxg6+ Kxg4 86.Nf8 Kg5 
87.Nd7 Bb2 88.e5 Bxe5 89.Nxe5 1/2-1/2